000 00353nam a2200133Ia 4500
008 191014s9999 xx 000 0 und d
020 _a0-486-40919-8
082 _a516
_bCOX
100 _aH. S. M. Coxeter
_920443
245 4 _aThe Beauty of Geometry Twelve Essays
260 _aUSA
_bDover Publications INC.
_c1999
300 _aIx,274
942 _cBK
999 _c531029
_d531029